BASIC ANATOMY : UPPER LIMB (Record no. 8701)

MARC details
000 -LEADER
fixed length control field 00300nam a22001457a 4500
003 - CONTROL NUMBER IDENTIFIER
control field SGT
082 ## - DEWEY DECIMAL CLASSIFICATION NUMBER
Classification number 611
Item number B11O
100 ## - MAIN ENTRY--PERSONAL NAME
Personal name OOMMEN,ANITHA
245 ## - TITLE STATEMENT
Title BASIC ANATOMY : UPPER LIMB
250 ## - EDITION STATEMENT
Edition statement 1
260 ## - PUBLICATION, DISTRIBUTION, ETC. (IMPRINT)
Place of publication, distribution, etc DELHI
Name of publisher, distributor, etc ANE BOOKS PUB
Year of Publication 2011
300 ## - PAGE DESCRIPTION
No. of Pages 102
650 ## - SUBJECT ADDED ENTRY--TOPICAL TERM
Topical term or geographic name as entry element ANATOMY
942 ## - ADDED ENTRY ELEMENTS (KOHA)
Source of classification or shelving scheme Dewey Decimal Classification
Koha item type Books
942 ## - ADDED ENTRY ELEMENTS (KOHA)
-- 1
Holdings
Withdrawn status Lost status Source of classification or shelving scheme Damaged status Not for loan Collection code Home library Current library Shelving location Date acquired Vendor Name Volume Information (Serial or Books or Non-Book Material) SGTU Bill Number Total Checkouts Full call number Accession No. (Barcode) Date last seen Bill Date Koha item type Date last borrowed
    Dewey Decimal Classification     AYURVEDA SGT FA-FP Library SGT FA-FP Library Text Book 01/04/2016 AHUJA 1 SGTU 6599   611 B11O FA4861 01/04/2016 10/02/2016 Books  
    Dewey Decimal Classification     AYURVEDA SGT FA-FP Library SGT FA-FP Library Text Book 01/04/2016 AHUJA 1 SGTU 6599   611 B11O FA4862 01/04/2016 10/02/2016 Books  
    Dewey Decimal Classification     AYURVEDA SGT FA-FP Library SGT FA-FP Library Text Book 01/04/2016 AHUJA 1 SGTU 6599 1 611 B11O FA4863 24/03/2025 10/02/2016 Books 11/03/2025
    Dewey Decimal Classification     AYURVEDA SGT FA-FP Library SGT FA-FP Library Text Book 01/04/2016 AHUJA 1 SGTU 6599   611 B11O FA4864 01/04/2016 10/02/2016 Books  
    Dewey Decimal Classification     AYURVEDA SGT FA-FP Library SGT FA-FP Library Text Book 01/04/2016 AHUJA 1 SGTU 6599   611 B11O FA4865 01/04/2016 10/02/2016 Books